000 00302nam a22001217a 4500
020 _a978-0-7506-6496-7
082 _a004.2
100 _aLano, Kelvin
245 _aAdvanced Systems Design with JAVA, UML and MDA
260 _aLondon:
_bElsevier,
_c2005
300 _avii, 378p.: ill.; 25cm
942 _cBK
999 _c22223
_d22223